000 00544nam a22001937a 4500
003 OSt
005 20240601114115.0
008 240601b |||||||| |||| 00| 0 eng d
020 _a139780486648712
040 _cDDC
082 _a530.12 PAU.
100 _4Jr,E.Bright Wilson,Paul Linus.
245 _aImtroduction to Quantum Mechanica with Applications to Chemist.
260 _aNey York,
_bDover Publications,
_c1963.
300 _aXi,468p,
_bill,
_c21.cm.
504 _aAppendixes,Index.
650 _aPhysics.
_9809
942 _2ddc
_cO_SHELF
999 _c8348
_d8348